000 00788nam a2200217Ii 4500
003 JO-AjNU
008 230605s9999||||xx |||||||||||||| ||und||
020 _a1-57547-669-X
040 _aJO-AjNU
_bara
_erda
_cJO-AjNU
041 _aara
050 1 4 _aBP173.758.A3538 2002
100 3 _aإعداد: حسن، أحمد,
_eauthor
_941115
245 0 0 _aالأوراق النقدية في الإقتصاد الإسلامي قيمتها وأحكامها
250 _aط1
264 3 1 _aدمشق: دار الفكر ، 2002
300 _a431ص
_bيتضمن ببلوغرافيا (ص 373-431)
336 _atext
_btxt
_2rdacontent
337 _aunmediated
_bn
_2rdamedia
338 _avolume
_bnc
_2rdacarrier
650 4 _aالاوراق المالية- الاقتصاد الاسلامي
_941116
999 _aA17504
_c21072
_d21072